00751nai a2200181Ia 4500003000900000008004100009022002200050022002300072040001600095245007800111260008600189310001300275362002800288521006900316650004700385650004400432856009300476IN-BaIIA211028c9999 xx s 000 0 eng d a2168-1880 (Print) a2168-1899 (Online) cIIA Library 0aTransactions of the IRE Professional Group on Instrumentationh[eJournal] aNew York, USAbThe Institute of Electrical and Electronics Engineers, Inc. (IEEE) aAnnually aPGI-1;1952 - PGI-3;1954 bSubscribed through National Knowledge Resource Consortium (NKRC) a Components, Circuits, Devices and Systems aPower, Energy and Industry Applications uhttps://ieeexplore.ieee.org/servlet/opac?punumber=5007309yClick Here to Access eJournal